MARC

LEADER 00000nam0a2200000 4500
001 368582
005 20231101045057.0
035 |a (RuTPU)RU\TPU\retro\25964 
090 |a 368582 
100 |a 20220414d1979 km y0rusy50 ca 
101 0 |a rus 
102 |a UZ 
105 |a a z 001zy 
200 1 |a Элементы теории фотонных и фононных эффектов в полупроводниках  |f Е. Джаксимов  |g Академия наук Узбекской ССР, Вычислительный центр 
210 |a Ташкент  |c Фан  |d 1979 
215 |a 176 с.  |c ил. 
320 |a Библиогр.: с. 159-169 
606 1 |a Полупроводники  |x Физика  |2 stltpush  |3 (RuTPU)RU\TPU\subj\50607 
610 1 |a фотонные эффекты 
610 1 |a фононные эффекты 
610 1 |a свободные электроны 
610 1 |a теплопроводность 
610 1 |a диэлектрики 
610 1 |a электромагнитные волны 
610 1 |a поглощение 
675 |a 537.311.322  |v 4 
700 1 |a Джаксимов  |b Е.  |g Емберген 
712 0 2 |a Академия наук Узбекской ССР  |b Вычислительный центр  |c (Ташкент)  |c (1943-1991)  |2 stltpush  |3 (RuTPU)RU\TPU\col\1343 
801 1 |a RU  |b 63413507  |c 20220414 
942 |c BK